• 首页
  • 本馆介绍
  • 公告通知
  • 最新文献
  • 馆藏检索
  • 电子资源
  • 读者导购
  • 参考咨询
  • 我的图书馆
  • 登录
  • 详细信息显示
  • 放入我的书架
  • 预约/预借图书
  • 作者相关作品
  • 分类相关作品
  • 丛书相关作品
  • 出版社相关作品

书目信息

  • 表格格式
  • 工作单格式
  • 卡片格式
题名:
Kubernetes微服务实战
    
 
作者: 赛凡 著 ;史天 , 张媛 , 楼炜 译
分册:  
出版信息: 北京   机械工业出版社  2020.06
页数: 16, 356页
开本: 24cm
丛书名: 云计算与虚拟化技术丛书
单 册:
中图分类: TP316.85
科图分类:
主题词: Linux操作系统--Linuxcao zuo xi tong--程序设计
电子资源:
ISBN: 978-7-111-65576-3
000 01412nam 2200337 450
001 0109110156
005 20201109110337.0
010    @a978-7-111-65576-3@dCNY119.00
100    @a20200713d2020 em y0chiy50 ea
101 1  @achi@ceng
102    @aCN@b110000
105    @aa z 000yy
106    @ar
200 1  @aKubernetes微服务实战@AKubernetes wei fu wu shi zhan@dHands-on microservices with Kubernetes@f(印)吉吉·赛凡(Gigi Sayfan)著@g史天[等]译@zeng
210    @a北京@c机械工业出版社@d2020.06
215    @a16, 356页@c图@d24cm
225 2  @a云计算与虚拟化技术丛书@Ayun ji suan yu xu ni hua ji shu cong shu
300    @a华章IT
304    @a译者还有:张媛、楼炜、肖力
305    @a由Packt Publishing授权出版
330    @a本书介绍如何开发微服务并将其部署在Kubernetes平台上,基于微服务的架构与Kubernetes的结合将会带来影响。书中首先解释了微服务和Kubernetes背后的基本概念,讨论了一些现实世界中的关注点和权衡取舍,引导读者完成基于微服务的系统开发,展示最佳实践并给出了大量建议。
461  0 @12001 @a云计算与虚拟化技术丛书
510 1  @aHands-on microservices with Kubernetes@zeng
606 0  @aLinux操作系统@ALinuxcao zuo xi tong@x程序设计
690    @aTP316.85@v5
701  1 @c(印)@a赛凡@Asai fan@c(Sayfan, Gigi)@4著
702  0 @a史天@Ashi tian@4译
702  0 @a张媛@Azhang yuan@4译
702  0 @a楼炜@Alou wei@4译
801  0 @aCN@bBJSZM@c20201103
905    @b1240129-31@dTP316.85@e1008@f3
    
    Kubernetes微服务实战=Hands-on microservices with Kubernetes/(印)吉吉·赛凡(Gigi Sayfan)著/史天[等]译.-北京:机械工业出版社,2020.06
    16, 356页:图;24cm.-(云计算与虚拟化技术丛书)
    华章IT
    
    ISBN 978-7-111-65576-3:CNY119.00
    本书介绍如何开发微服务并将其部署在Kubernetes平台上,基于微服务的架构与Kubernetes的结合将会带来影响。书中首先解释了微服务和Kubernetes背后的基本概念,讨论了一些现实世界中的关注点和权衡取舍,引导读者完成基于微服务的系统开发,展示最佳实践并给出了大量建议。
●
相关链接 在E读中查询图书 在五车中查询图书 在当当中查询图书 在豆瓣中查询图书


正题名:Kubernetes微服务实战     索取号:TP316.85/1008         预约/预借

序号 登录号 条形码 馆藏地/架位号 状态 备注
1 1240129   212401293   第二样本阅览室/ [索取号:TP316.85/1008] 在馆    
2 1240130   212401300   第三借阅区/ [索取号:TP316.85/1008] 在馆    
3 1240131   212401319   第三借阅区/ [索取号:TP316.85/1008] 在馆    
唐山师范学院图书馆 欢迎您!
大连网信软件有限公司© 版权所有